000 00816nam a2200229 a 4500
001 000006793
005 20200929154007.0
008 090902s2003 dr 001 0 spa d
020 _a9993420247
040 _aDO-SdBNP
082 _a398.2097293
_bUB15
100 1 _aUbiñas Renville, Guaroa
_d1944-
_96462
245 1 0 _aHistorias y leyendas Afro-Dominicanas /
_cGuaroa Ubiñas Renville; prólogo Blas R. Jiménez.
260 _aSanto Domingo :
_bManatí,
_c2003.
300 _a189 p. : ;
_c23 cm.
504 _aIncluye refrencias bibliográficas (185-189)
650 4 _aLeyendas africanas
_zRepública Dominicana
_918872
650 4 _aFolklore
_zRepública Dominicana
_918873
651 4 _aRepública Dominicana
_xCivilización
_xInfluencias Africanas
_917943
700 1 _aJiménez, Blas R.
_918874
049 _aBNPD
999 _c6581
_d6581